[Event "FRA-ch U20"]
[Site "Agen"]
[Date "2021.10.31"]
[Round "9.8"]
[White "Labelle, Ambroise"]
[Black "Kim, Jisu"]
[Result "0-1"]
[WhiteElo "2001"]
[BlackElo "2060"]
[PlyCount "40"]
[EventDate "2021.10.25"]
[EventType "swiss"]
[EventRounds "9"]
[EventCountry "FRA"]
[SourceTitle "EXT 2023"]
[Source "ChessBase"]
[SourceDate "2022.10.05"]
[SourceVersion "1"]
[SourceVersionDate "2022.10.05"]
[SourceQuality "1"]

1. e4 d5 2. exd5 Nf6 3. d4 Bg4 4. f3 Bf5 5. Bb5+ Nbd7 6. c4 a6 7. Ba4 b5 8. cxb5 Nxd5 9. bxa6 Nb4 10. Nc3 e5 11. Nge2 Qh4+ 12. g3 Qh3 13. Ne4 0-0-0 14. Bxd7+ Rxd7 15. Be3 Bxe4 16. fxe4 Qg2 17. Kd2 exd4 18. a7 dxe3+ 19. Kc3 Qxe4 20. Qa4 Qd3# 0-1

[Event "Mendrisio op"]
[Site "Mendrisio"]
[Date "2020.09.13"]
[Round "4"]
[White "Paleologu, Vladimir"]
[Black "Labelle, Ambroise"]
[Result "1-0"]
[WhiteElo "2074"]
[BlackElo "1969"]
[PlyCount "48"]
[EventDate "2020.09.11"]
[EventType "swiss"]
[EventRounds "5"]
[EventCountry "SUI"]
[SourceTitle "EXT 2021"]
[Source "ChessBase"]
[SourceDate "2020.10.23"]
[SourceVersion "1"]
[SourceVersionDate "2020.10.23"]
[SourceQuality "1"]

1. e4 e6 2. d4 d5 3. exd5 exd5 4. Bf4 Bd6 5. Qd2 Nf6 6. Nc3 Nc6 7. 0-0-0 0-0 8. f3 a6 9. g4 b5 10. h4 b4 11. Na4 Na5 12. b3 Nb7 13. Nh3 Bd7 14. Bxd6 Nxd6 15. Qxb4 a5 16. Qa3 Bxa4 17. Qxa4 Nd7 18. Qc6 Nb6 19. a4 Qxh4 20. Qxc7 Ndc8 21. Bd3 g6 22. Qe5 f6 23. Qe6+ Kg7 24. Qe3 g5 1-0

[Event "Davos Summer op"]
[Site "Davos"]
[Date "2020.07.11"]
[Round "4"]
[White "Bruessow, Jakob"]
[Black "Labelle, Ambroise"]
[Result "0-1"]
[WhiteElo "1779"]
[BlackElo "1952"]
[PlyCount "78"]
[EventDate "2020.07.09"]
[EventType "swiss"]
[EventRounds "5"]
[EventCountry "SUI"]
[SourceTitle "CBM 197 Extra"]
[Source "ChessBase"]
[SourceDate "2020.09.30"]
[SourceVersion "1"]
[SourceVersionDate "2020.09.30"]
[SourceQuality "1"]

1. e4 e6 2. d4 d5 3. Nc3 Nf6 4. e5 Nfd7 5. f4 c5 6. Nf3 Nc6 7. Be3 Be7 8. Qd2 0-0 9. dxc5 Qa5 10. h4 f6 11. exf6 Bxf6 12. Nd4 Qb4 13. a3 Qa5 14. Nb3 Qd8 15. 0-0-0 Na5 16. g4 Be7 17. Nd4 Nf6 18. g5 Ng4 19. b4 Nc6 20. Nxc6 bxc6 21. Bd4 Qc7 22. Ne2 Ba6 23. Rg1 Nh2 24. Be5 Nxf1 25. Rdxf1 Qb7 26. Rf3 Bxe2 27. Qxe2 a5 28. c3 Ra6 29. Qb2 Qb5 30. Bxg7 Bxc5 31. Bxf8 Bxg1 32. Bd6 Qc4 33. g6 h6 34. bxa5 Ra8 35. Qb7 Ra7 36. Qc8+ Kg7 37. Qf8+ Kxg6 38. Rg3+ Kh5 39. Qf6 Qf1+ 0-1

[Event "FRA-ch Blitz Online Qual"]
[Site "Europe Echecs INT"]
[Date "2020.05.16"]
[Round "12"]
[White "Barraud, Mickael"]
[Black "Labelle, Ambroise"]
[Result "0-1"]
[WhiteElo "1733"]
[BlackElo "1952"]
[PlyCount "60"]
[EventDate "2020.05.16"]
[EventType "swiss (blitz)"]
[EventRounds "15"]
[EventCountry "FRA"]
[SourceTitle "CBM 196 Extra"]
[Source "ChessBase"]
[SourceDate "2020.07.31"]
[SourceVersion "1"]
[SourceVersionDate "2020.07.31"]
[SourceQuality "1"]

1. e4 e6 2. d4 d5 3. e5 c5 4. c3 Nc6 5. Nf3 Nh6 6. Be3 Nf5 7. dxc5 Nxe3 8. fxe3 Bxc5 9. Nd4 Nxe5 10. Bb5+ Bd7 11. Bxd7+ Qxd7 12. 0-0 0-0 13. Nd2 Rae8 14. N2f3 Nc4 15. Qe2 e5 16. Nb3 Nxe3 17. Nxc5 Qc6 18. Qxe3 f6 19. Nb3 b6 20. Rad1 Rd8 21. Nh4 Rf7 22. Rf3 Qa4 23. Rg3 Qxh4 24. Nd2 Qa4 25. Nf3 Qxd1+ 26. Ne1 d4 27. cxd4 Rxd4 28. h3 Rc4 29. Kh2 Qd4 30. Qf2 Qxf2 0-1

[Event "FRA-ch Blitz Online Qual"]
[Site "Europe Echecs INT"]
[Date "2020.05.16"]
[Round "13"]
[White "Labelle, Ambroise"]
[Black "Menjra, Yanis"]
[Result "0-1"]
[WhiteElo "1952"]
[BlackElo "1489"]
[PlyCount "98"]
[EventDate "2020.05.16"]
[EventType "swiss (blitz)"]
[EventRounds "15"]
[EventCountry "FRA"]
[SourceTitle "CBM 196 Extra"]
[Source "ChessBase"]
[SourceDate "2020.07.31"]
[SourceVersion "1"]
[SourceVersionDate "2020.07.31"]
[SourceQuality "1"]

1. e4 e5 2. Nf3 Nc6 3. Bc4 Bc5 4. d3 Nf6 5. 0-0 d6 6. c3 a6 7. Bb3 Ba7 8. Nbd2 0-0 9. h3 h6 10. Re1 Be6 11. Bc2 Ne7 12. Nf1 c5 13. Ng3 Ng6 14. d4 cxd4 15. cxd4 Rc8 16. Nf5 Bxf5 17. exf5 Ne7 18. dxe5 dxe5 19. Nxe5 Qxd1 20. Bxd1 Nxf5 21. Bf4 Rfe8 22. Bf3 Rc2 23. Rf1 Rxb2 24. Rab1 Rxb1 25. Rxb1 b5 26. Bb7 Bb8 27. Nd3 Bxf4 28. Nxf4 g5 29. Nd3 Rd8 30. Nc5 Rd6 31. Bxa6 Nd4 32. Rb4 Rc6 33. Rxd4 Rxc5 34. Rb4 Rc1+ 35. Kh2 Rc2 36. Bxb5 Rxa2 37. f3 Nh5 38. Bf1 Nf4 39. Kg3 Kg7 40. Rb7 Kg6 41. h4 Ra1 42. Bc4 Nh5+ 43. Kh2 gxh4 44. Bxf7+ Kg5 45. Rb5+ Kf6 46. Bxh5 Ra2 47. Bg4 Kg6 48. Kh3 Ra1 49. Rd5 Rh1# 0-1

[Event "British Columbia-ch U20"]
[Site "Vancouver"]
[Date "2018.11.12"]
[Round "5.6"]
[White "Labelle, Ambroise"]
[Black "Imoo, Joshua"]
[Result "1-0"]
[WhiteElo "1944"]
[BlackElo "1510"]
[PlyCount "59"]
[EventDate "2018.11.10"]
[EventType "swiss"]
[EventRounds "5"]
[EventCountry "CAN"]
[SourceTitle "EXT 2022"]
[Source "ChessBase"]
[SourceDate "2021.10.06"]
[SourceVersion "1"]
[SourceVersionDate "2021.10.06"]
[SourceQuality "1"]

1. e4 e5 2. Nf3 Nf6 3. d4 Nxe4 4. dxe5 d5 5. Nbd2 Nxd2 6. Bxd2 Bc5 7. c4 Bf5 8. Qb3 b6 9. cxd5 0-0 10. Bc4 Nd7 11. 0-0 Bg6 12. e6 Nf6 13. Bg5 Kh8 14. Ne5 Bd6 15. f4 Bc5+ 16. Kh1 fxe6 17. Nxg6+ hxg6 18. dxe6 Qd4 19. Rad1 Qe3 20. Rd3 Qe4 21. Rfd1 Be7 22. Re3 Qb7 23. Bxf6 Rxf6 24. Rd7 Re8 25. Qd3 Rxf4 26. Rxe7 Ref8 27. Rf7 R4xf7 28. Rh3+ Kg8 29. exf7+ Rxf7 30. Qd8# 1-0

[Event "British Columbia-ch U20"]
[Site "Vancouver"]
[Date "2018.11.10"]
[Round "2.3"]
[White "Labelle, Ambroise"]
[Black "Bremner, William"]
[Result "0-1"]
[WhiteElo "1944"]
[BlackElo "2106"]
[PlyCount "66"]
[EventDate "2018.11.10"]
[EventType "swiss"]
[EventRounds "5"]
[EventCountry "CAN"]
[SourceTitle "EXT 2022"]
[Source "ChessBase"]
[SourceDate "2021.10.06"]
[SourceVersion "1"]
[SourceVersionDate "2021.10.06"]
[SourceQuality "1"]

1. e4 c6 2. d4 d5 3. e5 c5 4. dxc5 e6 5. a3 Bxc5 6. b4 Bb6 7. Qg4 Ne7 8. Nf3 Ng6 9. Bd3 0-0 10. Bb2 Nd7 11. 0-0 a5 12. b5 a4 13. c4 Qc7 14. Bxg6 hxg6 15. Nbd2 Bc5 16. Rac1 Rd8 17. cxd5 exd5 18. e6 Nf8 19. exf7+ Qxf7 20. Ne5 Bxg4 21. Nxf7 Rdc8 22. Ne5 Be2 23. Rfe1 Bxb5 24. Ndf3 Bb6 25. Nd4 Rxc1 26. Rxc1 Be8 27. h3 Nd7 28. Re1 Nc5 29. Re3 Rc8 30. Ng4 Nb3 31. Rd3 Bxd4 32. Bxd4 Rc1+ 33. Kh2 Bb5 0-1

[Event "British Columbia-ch U20"]
[Site "Vancouver"]
[Date "2018.11.10"]
[Round "1.8"]
[White "Su, Ethan"]
[Black "Labelle, Ambroise"]
[Result "0-1"]
[WhiteElo "1471"]
[BlackElo "1944"]
[PlyCount "84"]
[EventDate "2018.11.10"]
[EventType "swiss"]
[EventRounds "5"]
[EventCountry "CAN"]
[SourceTitle "EXT 2022"]
[Source "ChessBase"]
[SourceDate "2021.10.06"]
[SourceVersion "1"]
[SourceVersionDate "2021.10.06"]
[SourceQuality "1"]

1. e4 e6 2. d4 d5 3. exd5 exd5 4. Nf3 Nc6 5. Be3 Bf5 6. a3 Bd6 7. Nc3 Nge7 8. Bb5 0-0 9. 0-0 a6 10. Bxc6 bxc6 11. Re1 Ng6 12. Qd2 Nh4 13. Bg5 Nxf3+ 14. gxf3 Qd7 15. Bf4 Rfe8 16. Bg3 Bh3 17. Rxe8+ Rxe8 18. Re1 Rxe1+ 19. Qxe1 h5 20. Qe3 Qf5 21. Bxd6 cxd6 22. f4 h4 23. Qf3 Qg6+ 24. Kh1 Bf5 25. Qg2 Qe6 26. f3 Qe1+ 27. Qg1 Qd2 28. Qg2 Qc1+ 29. Qg1 Qxf4 30. Qd1 Bg6 31. Kg2 Bh5 32. Qe2 h3+ 33. Kxh3 Bxf3 34. Qe8+ Kh7 35. Qd7 f5 36. Qxf5+ Qxf5+ 37. Kg3 Bg4 38. Ne2 g5 39. h3 Qf3+ 40. Kh2 Bxh3 41. Nf4 gxf4 42. c4 Qg2# 0-1

[Event "Zuerich op-B 41st"]
[Site "Zuerich"]
[Date "2017.12.29"]
[Round "5"]
[White "Labelle, Ambroise"]
[Black "Bounlom, Samyo"]
[Result "0-1"]
[WhiteElo "1851"]
[BlackElo "1974"]
[PlyCount "98"]
[EventDate "2017.12.26"]
[EventType "swiss"]
[EventRounds "7"]
[EventCountry "SUI"]
[SourceTitle "CBM 182 Extra"]
[Source "ChessBase"]
[SourceDate "2018.02.23"]
[SourceVersion "1"]
[SourceVersionDate "2018.02.23"]
[SourceQuality "1"]

1. e4 e6 2. d4 d5 3. e5 c5 4. Nf3 Qb6 5. Bd3 Nc6 6. dxc5 Bxc5 7. 0-0 Nge7 8. Nc3 Ng6 9. Na4 Qa5 10. Nxc5 Qxc5 11. Re1 Bd7 12. c3 Qb6 13. Qe2 f6 14. Bxg6+ hxg6 15. Qd3 Kf7 16. Bf4 g5 17. Bxg5 fxg5 18. Nxg5+ Ke7 19. Qg6 Raf8 20. Qxg7+ Ke8 21. Qg6+ Kd8 22. Nf7+ Kc7 23. Nxh8 Qxf2+ 24. Kh1 Rxh8 25. Qf6 Rf8 26. Qxf2 Rxf2 27. Rab1 Rf5 28. Rbd1 Nxe5 29. Re2 Kd6 30. Kg1 Be8 31. Rf2 Rh5 32. Rf4 Kc5 33. h3 Bg6 34. Rf6 Kd6 35. c4 Ke7 36. Rf4 Nxc4 37. b3 Ne5 38. Rb4 b6 39. Ra4 a5 40. Rc1 Kd6 41. Rc3 Nc6 42. Rf4 d4 43. Rg3 Bc2 44. Rg7 d3 45. Rf2 Rf5 46. Rd2 e5 47. Rg3 e4 48. Rxc2 dxc2 49. Rc3 Rc5 0-1

[Event "Zuerich op-B 41st"]
[Site "Zuerich"]
[Date "2017.12.28"]
[Round "4"]
[White "Joller, Hans"]
[Black "Labelle, Ambroise"]
[Result "0-1"]
[WhiteElo "1900"]
[BlackElo "1851"]
[PlyCount "61"]
[EventDate "2017.12.26"]
[EventType "swiss"]
[EventRounds "7"]
[EventCountry "SUI"]
[SourceTitle "CBM 182 Extra"]
[Source "ChessBase"]
[SourceDate "2018.02.23"]
[SourceVersion "1"]
[SourceVersionDate "2018.02.23"]
[SourceQuality "1"]

1. e4 e6 2. d4 d5 3. e5 c5 4. c3 Nc6 5. Nf3 Nh6 6. Bd3 cxd4 7. cxd4 Nf5 8. Be3 Be7 9. 0-0 0-0 10. Nc3 a6 11. Rc1 f6 12. Bxf5 exf5 13. Qb3 Be6 14. Ne2 Na5 15. Qd3 g5 16. Bd2 Nc6 17. Ng3 f4 18. exf6 Bxf6 19. Ne2 Qd7 20. Rfe1 Bf5 21. Qb3 Rae8 22. Bc3 Bd3 23. Ne5 Bxe5 24. dxe5 Bc4 25. Qc2 Nxe5 26. Rcd1 Bxe2 27. Rxe2 Ng6 28. Red2 f3 29. Qd3 Qg4 30. g3 Nf4 31. Kh1 0-1

[Event "SUI-ch U14"]
[Site "Kreuzlingen"]
[Date "2016.07.02"]
[Round "6"]
[White "Ramseyer, Nicola"]
[Black "Labelle, Ambroise"]
[Result "0-1"]
[WhiteElo "1699"]
[BlackElo "1726"]
[PlyCount "55"]
[EventDate "2016.06.30"]
[EventType "swiss"]
[EventRounds "7"]
[EventCountry "SUI"]
[SourceTitle "EXT 2017"]
[Source "ChessBase"]
[SourceDate "2016.10.25"]
[SourceVersion "1"]
[SourceVersionDate "2016.10.25"]
[SourceQuality "1"]

1. c4 e5 2. Nc3 f5 3. e3 Nf6 4. a3 d6 5. Nf3 g6 6. Be2 Bg7 7. 0-0 0-0 8. d3 a5 9. Bd2 Nc6 10. Qc2 Qe7 11. Nd5 Qd8 12. b4 axb4 13. Nxb4 Nd7 14. Ra2 Nc5 15. Nxc6 bxc6 16. d4 Ne4 17. dxe5 dxe5 18. Rd1 Qe7 19. Qb3 c5 20. Be1 Bd7 21. Nd2 Ba4 22. Qb1 Bxd1 23. Bxd1 Nc3 24. Qc2 Nxa2 25. Qxa2 Rfd8 26. Be2 Ra7 27. Nb1 Qd7 28. Bc3 0-1

[Event "SUI-ch U14"]
[Site "Kreuzlingen"]
[Date "2016.06.30"]
[Round "1"]
[White "Zaza, Alexandre"]
[Black "Labelle, Ambroise"]
[Result "0-1"]
[WhiteElo "1891"]
[BlackElo "1726"]
[PlyCount "48"]
[EventDate "2016.06.30"]
[EventType "swiss"]
[EventRounds "7"]
[EventCountry "SUI"]
[SourceTitle "EXT 2017"]
[Source "ChessBase"]
[SourceDate "2016.10.25"]
[SourceVersion "1"]
[SourceVersionDate "2016.10.25"]
[SourceQuality "1"]

1. e4 e6 2. d3 d5 3. Qe2 Nc6 4. Nf3 e5 5. exd5 Qxd5 6. Nc3 Bb4 7. Bd2 Bxc3 8. Bxc3 Bg4 9. Qe4 Bxf3 10. Qxf3 Qxf3 11. gxf3 Nge7 12. f4 f6 13. fxe5 Nxe5 14. 0-0-0 0-0 15. Bg2 c6 16. Rde1 N5g6 17. Bd2 Nd5 18. Re4 Rfe8 19. Rhe1 Kf7 20. Bh3 Ne5 21. c4 Nxd3+ 22. Kc2 Nxe1+ 23. Rxe1 Rxe1 24. Bxe1 Nf4 0-1

[Event "FRA-chT U20 1112"]
[Site "France"]
[Date "2011.12.18"]
[Round "5"]
[White "Labelle, Ambroise"]
[Black "Eustratiou, Housni"]
[Result "0-1"]
[WhiteElo "1009"]
[BlackElo "1370"]
[PlyCount "46"]
[EventDate "2011.12.03"]
[EventType "team-swiss"]
[EventRounds "7"]
[EventCountry "FRA"]
[SourceTitle "EXT 2013"]
[Source "ChessBase"]
[SourceDate "2012.11.22"]
[SourceVersion "1"]
[SourceVersionDate "2012.11.22"]
[SourceQuality "1"]

1. e4 c5 2. Nf3 d6 3. Nc3 Nf6 4. d3 g6 5. Bg5 Bg7 6. Be2 0-0 7. Qd2 Nc6 8. 0-0-0 Rb8 9. Bh6 b5 10. Nd5 a5 11. Nxf6+ exf6 12. h4 a4 13. Bxg7 Kxg7 14. h5 Kg8 15. hxg6 fxg6 16. Qh6 Rf7 17. Nh4 b4 18. Nxg6 b3 19. axb3 axb3 20. cxb3 Qb6 21. Rd2 Qa6 22. Kc2 Nd4+ 23. Kc3 Rxb3# 0-1

[Event "FRA-chT U20 1112"]
[Site "France"]
[Date "2011.12.04"]
[Round "2"]
[White "Galloni, Marina"]
[Black "Labelle, Ambroise"]
[Result "1-0"]
[WhiteElo "1230"]
[BlackElo "1009"]
[PlyCount "65"]
[EventDate "2011.12.03"]
[EventType "team-swiss"]
[EventRounds "7"]
[EventCountry "FRA"]
[SourceTitle "EXT 2013"]
[Source "ChessBase"]
[SourceDate "2012.11.22"]
[SourceVersion "1"]
[SourceVersionDate "2012.11.22"]
[SourceQuality "1"]

1. e4 c5 2. Nf3 Nc6 3. Nc3 g6 4. d4 cxd4 5. Nxd4 Bg7 6. Nxc6 bxc6 7. Be3 Nf6 8. Bc4 0-0 9. 0-0 d6 10. Qd2 Bd7 11. Bh6 Ng4 12. Bxg7 Kxg7 13. h3 Ne5 14. Be2 f5 15. Rae1 Be6 16. Nd1 fxe4 17. f4 Nd7 18. Qd4+ Nf6 19. Bg4 c5 20. Qc3 Bxg4 21. hxg4 Kf7 22. g5 Nd7 23. Rxe4 Rg8 24. f5 gxf5 25. Rxf5+ Kg6 26. Qf3 Rf8 27. Re6+ Kg7 28. Qc3+ Nf6 29. gxf6+ exf6 30. Qg3+ Kf7 31. Rexf6+ Ke7 32. Qg7+ Ke8 33. Rxf8# 1-0

[Event "FRA-chT U20 1112"]
[Site "France"]
[Date "2011.12.04"]
[Round "2"]
[White "Kantzer, Romain"]
[Black "Labelle, Ambroise"]
[Result "1-0"]
[WhiteElo "1475"]
[BlackElo "1009"]
[PlyCount "39"]
[EventDate "2011.12.03"]
[EventType "team-swiss"]
[EventRounds "7"]
[EventCountry "FRA"]
[SourceTitle "EXT 2013"]
[Source "ChessBase"]
[SourceDate "2012.11.22"]
[SourceVersion "1"]
[SourceVersionDate "2012.11.22"]
[SourceQuality "1"]

1. e4 c5 2. c3 g6 3. d4 cxd4 4. cxd4 d5 5. exd5 Nf6 6. Nf3 Bg4 7. h3 Bxf3 8. Qxf3 Nxd5 9. Bc4 Nf6 10. Qxb7 Nbd7 11. Qb3 Qb8 12. Bxf7+ Kd8 13. Qf3 Qc8 14. 0-0 Rb8 15. Bf4 Rxb2 16. Rc1 Rc2 17. Rxc2 Qxc2 18. Nc3 Nb6 19. Qc6 e6 20. Qc7# 1-0